Rýchly vývoj mení aj prepravu

Väčšina firiem je presvedčená, že investovanie do pozemnej prepravy má priamy vplyv na rast spoločností. Keď firmy vidia návratnosť investície, sú ochotné za lepšie služby aj viac zaplatiť.

Na minha lista:
Detalhes bibliográficos
Formato: Capítulo de Livro
Idioma:eslovaco
Assuntos:
Tags: Adicionar Tag
Sem tags, seja o primeiro a adicionar uma tag!

MARC

LEADER 00000naa a2200000 4500
001 0250129
005 20190114152652.0
041 0 |a slo 
044 |a SK 
245 1 0 |a Rýchly vývoj mení aj prepravu 
520 |a Väčšina firiem je presvedčená, že investovanie do pozemnej prepravy má priamy vplyv na rast spoločností. Keď firmy vidia návratnosť investície, sú ochotné za lepšie služby aj viac zaplatiť. 
610 2 0 |a preprava 
610 2 0 |a logistika 
610 2 0 |a doprava pozemná 
610 2 0 |a návratnosť investícií 
610 2 0 |a technológie informačné 
610 2 0 |a technológie nové